[Event "XI Open Vallee d'Aoste A"]
[Site "Saint Vincent - Chatillon ITA"]
[Date "2003.02.08"]
[Round "1"]
[White "Astengo, Corrado"]
[Black "Pavlovic, Milos"]
[Result "0-1"]
[WhiteElo "2172"]
[BlackElo "2560"]
[PlyCount "78"]
[EventDate "2003.02.08"]

1. e4 c5 2. Nf3 e6 3. d4 cxd4 4. Nxd4 Nf6 5. Nc3 Nc6 6. Ndb5 d6 7. Bf4 e5 8.
Bg5 a6 9. Na3 b5 10. Bxf6 gxf6 11. Nd5 f5 12. Bd3 Be6 13. O-O Bxd5 14. exd5 Ne7
15. Nxb5 Bg7 16. Nc3 e4 17. Bc4 Ng6 18. Qh5 Bxc3 19. bxc3 Qf6 20. Rfe1 Nf4 21.
Qd1 Qxc3 22. Bf1 Nh3+ 23. gxh3 Rg8+ 24. Kh1 Qg7 25. Bb5+ axb5 26. Rg1 Qxg1+ 27.
Qxg1 Rxg1+ 28. Kxg1 Ke7 29. Rb1 Rxa2 30. Rxb5 Rxc2 31. Rb7+ Kf6 32. Rd7 Ke5 33.
Rxf7 f4 34. h4 f3 35. h3 Kxd5 36. h5 h6 37. Re7 Rc8 38. Rh7 Rc1+ 39. Kh2 e3 0-1

[Event "XI Open Vallee d'Aoste A"]
[Site "Saint Vincent - Chatillon ITA"]
[Date "2003.02.08"]
[Round "1"]
[White "Baklan, Vladimir"]
[Black "Pantaleoni, Claudio"]
[Result "1-0"]
[WhiteElo "2605"]
[BlackElo "2206"]
[PlyCount "63"]
[EventDate "2003.02.08"]

1. e4 e5 2. Nf3 Nc6 3. d4 exd4 4. Nxd4 Nf6 5. Nxc6 bxc6 6. e5 Qe7 7. Qe2 Nd5 8.
c4 Nb6 9. Nd2 Qe6 10. b3 d5 11. exd6 cxd6 12. Bb2 Qxe2+ 13. Bxe2 Bd7 14. O-O f6
15. Rfd1 Be7 16. Rac1 Rd8 17. Ne4 Bf5 18. Ng3 Bd7 19. Bh5+ g6 20. Bf3 Nc8 21.
Ne2 Kf8 22. Re1 Kg7 23. Nd4 c5 24. Ne6+ Bxe6 25. Rxe6 Rd7 26. Rce1 Rf8 27. h4
Rc7 28. Kf1 Bd8 29. g4 Re7 30. g5 Rxe6 31. Rxe6 Rf7 32. Re8 1-0

[Event "XI Open Vallee d'Aoste A"]
[Site "Saint Vincent - Chatillon ITA"]
[Date "2003.02.08"]
[Round "1"]
[White "Bordi, Kevin"]
[Black "Zelcic, Robert"]
[Result "1/2-1/2"]
[WhiteElo "2173"]
[BlackElo "2576"]
[PlyCount "136"]
[EventDate "2003.02.08"]

1. e4 c6 2. c4 d5 3. exd5 Nf6 4. Nc3 cxd5 5. cxd5 g6 6. Bc4 Bg7 7. Nge2 Nbd7 8.
d3 O-O 9. O-O Nb6 10. Qb3 Bg4 11. Re1 Rc8 12. Be3 Nxc4 13. dxc4 Qc7 14. c5 Bxe2
15. Rxe2 Ng4 16. d6 exd6 17. Nb5 Qe7 18. h3 Nxe3 19. Rxe3 Qd7 20. Nxd6 Rxc5 21.
Rd1 Qc6 22. Re8 Qc7 23. Qe3 Rc6 24. Nb5 Qb6 25. Nxa7 Qxe3 26. Rxe3 Ra6 27. Nb5
Rxa2 28. b3 Ra5 29. Nd6 Rd8 30. Red3 Ra1 31. Rxa1 Bxa1 32. Rd2 b5 33. Kf1 b4
34. Ke2 Bc3 35. Rd3 Ra8 36. Ne4 Bg7 37. Rd7 f5 38. Nc5 Rc8 39. Ne6 Bf6 40. Nc7
Be5 41. Nd5 Rc2+ 42. Kf1 Bc3 43. Rc7 Rc1+ 44. Ke2 Re1+ 45. Kf3 Rb1 46. Nxc3
Rxb3 47. Kf4 Rxc3 48. Rxc3 bxc3 49. Ke3 Kf7 50. Kd3 Ke6 51. Kxc3 Ke5 52. Kd3
Kf4 53. Ke2 h5 54. g3+ Ke4 55. f3+ Kd4 56. h4 Ke5 57. Ke3 f4+ 58. gxf4+ Kf5 59.
Ke2 Kxf4 60. Kf2 Kf5 61. Ke2 Ke6 62. Kd2 Kd5 63. Kd3 Ke5 64. Ke3 Kf5 65. Ke2
Kf6 66. Ke3 Ke5 67. Ke2 Kd4 68. Kd2 Ke5 1/2-1/2

[Event "XI Open Vallee d'Aoste A"]
[Site "Saint Vincent - Chatillon ITA"]
[Date "2003.02.08"]
[Round "1"]
[White "Flear, Christine"]
[Black "Volkov, Sergey"]
[Result "0-1"]
[WhiteElo "2213"]
[BlackElo "2624"]
[PlyCount "102"]
[EventDate "2003.02.08"]

1. d4 d5 2. c4 c6 3. Nc3 Nf6 4. e3 a6 5. Nf3 b5 6. b3 Bg4 7. h3 Bxf3 8. gxf3 g6
9. f4 Nbd7 10. c5 Nh5 11. Bd3 e6 12. Bb2 Bh6 13. Qc2 Qe7 14. Ne2 Ng7 15. Ng1
Nf5 16. Nf3 Nh4 17. Nxh4 Qxh4 18. O-O-O O-O 19. Rdg1 f5 20. Bc3 Kh8 21. Be1 Rg8
22. Kb1 Bg7 23. Rg3 Bf6 24. f3 Qh6 25. h4 g5 26. fxg5 Bxg5 27. f4 Be7 28. Rhg1
Rxg3 29. Rxg3 Nf6 30. Qg2 Qxh4 31. Bf2 Ng4 32. Be2 Rg8 33. Bf3 Rg6 34. Rxg4
Rxg4 35. Bxh4 Rxg2 36. Bxe7 Rh2 37. a4 h5 38. axb5 axb5 39. Kc1 h4 40. Kd1 Rf2
41. Bxh4 Rxf3 42. Ke2 Rh3 43. Be1 Kg7 44. Kd3 Kg6 45. Bd2 Kh5 46. Kc3 Rh2 47.
Kd3 Kg4 48. Be1 Kf3 49. Bd2 Rh1 50. Bc3 Rd1+ 51. Kc2 Ke2 0-1

[Event "XI Open Vallee d'Aoste A"]
[Site "Saint Vincent - Chatillon ITA"]
[Date "2003.02.08"]
[Round "1"]
[White "Flear, Glenn Curtis"]
[Black "Van Eck, Ted"]
[Result "1-0"]
[WhiteElo "2503"]
[BlackElo "2093"]
[PlyCount "76"]
[EventDate "2003.02.08"]

1. d4 e6 2. c4 Nf6 3. Nf3 b6 4. e3 Bb4+ 5. Nbd2 Bb7 6. Bd3 c5 7. O-O O-O 8. a3
Bxd2 9. Bxd2 d5 10. dxc5 bxc5 11. Rc1 Nbd7 12. cxd5 exd5 13. b4 Ne4 14. bxc5
Ndxc5 15. Bb4 Nxd3 16. Qxd3 Re8 17. Rfd1 a5 18. Bc3 Qe7 19. Qd4 f6 20. Bb2 Nd6
21. a4 Nc4 22. Bc3 Qf7 23. Qd3 Bc6 24. Ra1 Qd7 25. Qc2 Rec8 26. Rd4 Nb6 27. Rh4
h6 28. Bxf6 Bxa4 29. Qb1 Qc6 30. Bd4 Nd7 31. Rg4 g5 32. Nxg5 hxg5 33. Rxg5+ Kf8
34. Qf5+ Ke7 35. Rg7+ Kd8 36. h4 Kc7 37. Be5+ Kb7 38. Rxa4 Qxa4 1-0

[Event "XI Open Vallee d'Aoste A"]
[Site "Saint Vincent - Chatillon ITA"]
[Date "2003.02.08"]
[Round "1"]
[White "Fontaine, Robert"]
[Black "Bontempi, Piero"]
[Result "1-0"]
[WhiteElo "2529"]
[BlackElo "2316"]
[PlyCount "59"]
[EventDate "2003.02.08"]

1. e4 c5 2. Nf3 d6 3. d4 cxd4 4. Nxd4 Nf6 5. Nc3 g6 6. g3 Bg7 7. Bg2 O-O 8. h3
Bd7 9. O-O Nc6 10. Nde2 Rc8 11. Be3 Ne5 12. b3 Rxc3 13. Nxc3 Qc8 14. Bd4 Bxh3
15. Bxe5 dxe5 16. Nd5 Nxd5 17. Bxh3 Qxh3 18. Qxd5 h5 19. Qd3 f5 20. exf5 gxf5
21. Qd5+ Kh7 22. Qg2 Qg4 23. Rad1 f4 24. gxf4 Qe6 25. Qe4+ Kh6 26. Rfe1 Rf5 27.
Rd3 h4 28. Kh1 Bf6 29. fxe5 Bg5 30. Rf3 1-0

[Event "XI Open Vallee d'Aoste A"]
[Site "Saint Vincent - Chatillon ITA"]
[Date "2003.02.08"]
[Round "1"]
[White "Guennoun, Anthony"]
[Black "Godena, Michele"]
[Result "0-1"]
[WhiteElo "2111"]
[BlackElo "2524"]
[PlyCount "76"]
[EventDate "2003.02.08"]

1. e4 e5 2. Nf3 Nc6 3. Bc4 Nf6 4. d3 h6 5. Nc3 Bb4 6. O-O Bxc3 7. bxc3 d6 8. h3
O-O 9. Re1 Be6 10. Bb3 Re8 11. Rb1 b6 12. Bd2 Ne7 13. Nh4 g5 14. Bxe6 fxe6 15.
Nf3 Ng6 16. Nh2 Rf8 17. Ng4 Kg7 18. Nxf6 Qxf6 19. Qe2 Rf7 20. Rf1 Nf4 21. Bxf4
exf4 22. Qd2 h5 23. f3 g4 24. Kh2 Rg8 25. d4 Kh8 26. e5 dxe5 27. dxe5 Qh4 28.
Qe1 Qg3+ 29. Qxg3 fxg3+ 30. Kg1 gxh3 31. gxh3 Rd8 32. Kg2 Rd2+ 33. Kxg3 Rxc2
34. f4 Rxc3+ 35. Rf3 h4+ 36. Kf2 Rc2+ 37. Ke3 Rxa2 38. f5 Ra3+ 0-1

[Event "XI Open Vallee d'Aoste A"]
[Site "Saint Vincent - Chatillon ITA"]
[Date "2003.02.08"]
[Round "1"]
[White "Iordachescu, Viorel"]
[Black "Ricci, Marco"]
[Result "1-0"]
[WhiteElo "2550"]
[BlackElo "2165"]
[PlyCount "59"]
[EventDate "2003.02.08"]

1. e4 e5 2. Nf3 Nc6 3. Bb5 Nf6 4. d3 Bc5 5. O-O d6 6. c3 O-O 7. Bg5 h6 8. Bh4
g5 9. Bg3 Bg4 10. h3 Bh5 11. Bxc6 bxc6 12. Nbd2 Qd7 13. Qc2 Bxf3 14. Nxf3 Nh5
15. d4 Nxg3 16. fxg3 Bb6 17. Kh1 f6 18. Qd3 Qe6 19. a4 a5 20. Nd2 d5 21. exd5
cxd5 22. Qg6+ Kh8 23. Qxh6+ Kg8 24. dxe5 Qxe5 25. Rae1 Qd6 26. Qg6+ Kh8 27. Rf5
Rab8 28. Nf3 Bf2 29. Nxg5 fxg5 30. Qh5+ 1-0

[Event "XI Open Vallee d'Aoste A"]
[Site "Saint Vincent - Chatillon ITA"]
[Date "2003.02.08"]
[Round "1"]
[White "Miezis, Normunds"]
[Black "Massa, Giovanni"]
[Result "1-0"]
[WhiteElo "2523"]
[BlackElo "2110"]
[PlyCount "29"]
[EventDate "2003.02.08"]

1. c4 c5 2. Nc3 Nc6 3. g3 g6 4. Bg2 Bg7 5. d3 e6 6. h4 h5 7. Nh3 Nge7 8. O-O d5
9. cxd5 Nxd5 10. Nxd5 exd5 11. Nf4 Ne7 12. Qb3 a6 13. Be3 b6 14. a4 Qd6 15.
Nxd5 1-0

[Event "XI Open Vallee d'Aoste A"]
[Site "Saint Vincent - Chatillon ITA"]
[Date "2003.02.08"]
[Round "1"]
[White "Nevednichy, Vladislav"]
[Black "Ranieri, Fabrizio"]
[Result "1-0"]
[WhiteElo "2567"]
[BlackElo "2173"]
[PlyCount "75"]
[EventDate "2003.02.08"]

1. e4 e6 2. d3 d5 3. Nd2 Nf6 4. Ngf3 c5 5. g3 Nc6 6. Bg2 Be7 7. O-O O-O 8. Re1
b5 9. e5 Nd7 10. h4 a5 11. Nf1 b4 12. h5 Ba6 13. h6 g6 14. N1h2 a4 15. Bf4 a3
16. b3 Rc8 17. Qd2 Qb6 18. Bg5 Qd8 19. Bxe7 Qxe7 20. Qf4 Na7 21. Ng4 Nb5 22.
Bh3 Nc3 23. Nf6+ Nxf6 24. exf6 Qc7 25. Ne5 Bb7 26. Qg5 Rfe8 27. Nxg6 fxg6 28.
Bxe6+ Rxe6 29. Rxe6 d4 30. Rae1 Nd5 31. R1e5 Qd7 32. f4 Rf8 33. Re7 Qc6 34. f7+
Rxf7 35. Re8+ Rf8 36. Rxf8+ Kxf8 37. Qd8+ Kf7 38. Qh8 1-0

[Event "XI Open Vallee d'Aoste A"]
[Site "Saint Vincent - Chatillon ITA"]
[Date "2003.02.08"]
[Round "1"]
[White "Palac, Mladen"]
[Black "De La Torre, Igor"]
[Result "1-0"]
[WhiteElo "2591"]
[BlackElo "2203"]
[PlyCount "41"]
[EventDate "2003.02.08"]

1. e4 c5 2. Nf3 d6 3. d4 cxd4 4. Nxd4 Nf6 5. Nc3 a6 6. Be3 e5 7. Nf3 Be7 8. Bc4
Qc7 9. Bb3 O-O 10. O-O b5 11. Bg5 Bb7 12. Bxf6 Bxf6 13. a4 Qc5 14. Ne1 b4 15.
Nd5 Bd8 16. Nd3 Qd4 17. Qg4 a5 18. Rad1 Qa7 19. Ne3 Bf6 20. Nf5 Bc6 21. Nh6+
1-0

[Event "XI Open Vallee d'Aoste A"]
[Site "Saint Vincent - Chatillon ITA"]
[Date "2003.02.08"]
[Round "1"]
[White "Paleologu, Vladimir"]
[Black "Arizmendi Martinez, Julen Luis"]
[Result "0-1"]
[WhiteElo "2109"]
[BlackElo "2520"]
[PlyCount "96"]
[EventDate "2003.02.08"]

1. e4 e6 2. d4 d5 3. e5 c5 4. c3 Nc6 5. Be3 Qb6 6. Qd2 cxd4 7. cxd4 Bd7 8. Nc3
Rc8 9. Rc1 Na5 10. b3 Ba3 11. Rc2 Nc6 12. Na4 Qd8 13. Bd3 a6 14. Kf1 Nge7 15.
Nc5 Qb6 16. Nxd7 Kxd7 17. Nf3 Nb4 18. Rxc8 Rxc8 19. g3 Nxd3 20. Qxd3 Qb5 21.
Qxb5+ axb5 22. Kg2 Rc2 23. Ra1 Nf5 24. Ne1 Rc3 25. Bd2 Rc8 26. Be3 b6 27. g4
Nxe3+ 28. fxe3 Rc3 29. Kf3 Bc1 30. Ng2 b4 31. h4 h6 32. g5 hxg5 33. hxg5 Ke7
34. Rb1 Kf8 35. Ke2 Kg8 36. g6 Rc2+ 37. Kf3 Rc3 38. Ke2 Kf8 39. Kf3 Ke7 40. Ke2
Rc2+ 41. Kf3 Rc3 42. Ke2 fxg6 43. Nf4 Bxe3 44. Rf1 Bxf4 45. Rxf4 Rc2+ 46. Kd3
Rxa2 47. Rg4 Rb2 48. Rxg6 Kf7 0-1

[Event "XI Open Vallee d'Aoste A"]
[Site "Saint Vincent - Chatillon ITA"]
[Date "2003.02.08"]
[Round "1"]
[White "Richards, Heather S."]
[Black "Tiviakov, Sergei"]
[Result "0-1"]
[WhiteElo "2221"]
[BlackElo "2635"]
[PlyCount "92"]
[EventDate "2003.02.08"]

1. e4 c5 2. c3 d5 3. exd5 Qxd5 4. d4 e6 5. Nf3 Nf6 6. Be3 cxd4 7. cxd4 Nc6 8.
Nc3 Qd6 9. a3 Be7 10. Bd3 b6 11. O-O Bb7 12. Qe2 O-O 13. Rad1 Rad8 14. Rfe1
Rfe8 15. Bg5 Qb8 16. Bb1 g6 17. Ba2 Nh5 18. Bh6 Bf6 19. Ne4 Bg7 20. Qe3 Ne7 21.
Bxg7 Kxg7 22. Ne5 Nf5 23. Qc3 Qc8 24. Qxc8 Rxc8 25. g4 Bxe4 26. Rxe4 Nd6 27.
Re3 Nf4 28. d5 exd5 29. Bxd5 Rc5 30. Nxf7 Nxd5 31. Nxd6 Rxe3 32. fxe3 Nxe3 33.
Re1 Nxg4 34. Re7+ Kf6 35. Rxh7 Ke5 36. Ne8 Rc2 37. b3 a5 38. Re7+ Kd4 39. Re6
g5 40. h3 Nf2 41. Kg2 Ne4+ 42. Kg1 Nd2 43. Rxb6 Ke3 44. Re6+ Kf3 45. Kh2 Kf2
46. h4 g4 0-1

[Event "XI Open Vallee d'Aoste A"]
[Site "Saint Vincent - Chatillon ITA"]
[Date "2003.02.08"]
[Round "1"]
[White "Roversi, Stefano"]
[Black "Skembris, Spyridon"]
[Result "1/2-1/2"]
[WhiteElo "2043"]
[BlackElo "2426"]
[PlyCount "152"]
[EventDate "2003.02.08"]

1. e4 e5 2. Nf3 Nc6 3. Bb5 a6 4. Ba4 Nf6 5. O-O Be7 6. Re1 b5 7. Bb3 d6 8. c3
O-O 9. h3 Na5 10. Bc2 c5 11. d4 Nd7 12. Nbd2 exd4 13. cxd4 Nc6 14. Nf1 Bb7 15.
Be3 Bf6 16. Ng3 g6 17. Rc1 Rc8 18. Bb1 Qe7 19. Qd2 Rfe8 20. d5 Nce5 21. Nxe5
Nxe5 22. b3 Bh4 23. Kh2 c4 24. Bh6 f6 25. Qe2 Bg5 26. Bxg5 fxg5 27. Qe3 Rc5 28.
Ne2 Bc8 29. Nd4 Bd7 30. Nf3 Nxf3+ 31. Qxf3 c3 32. b4 Rc4 33. a3 Qe5+ 34. Qg3
Qxg3+ 35. Kxg3 Kg7 36. Re3 Rec8 37. Ba2 R4c7 38. f3 Kf6 39. Kf2 c2 40. Ke2 Rc3
41. Rxc3 Rxc3 42. Kd2 Rxa3 43. Rxc2 h5 44. Kc1 Ra4 45. Rc7 Ke7 46. Kb2 g4 47.
hxg4 hxg4 48. Kb3 gxf3 49. gxf3 a5 50. bxa5 Rxa5 51. Bb1 Ra1 52. Kb2 Ra8 53.
Rb7 Kd8 54. e5 dxe5 55. Rb6 g5 56. Rg6 Kc7 57. Rxg5 Kd6 58. Be4 Re8 59. Kb3 Kc5
60. Rg3 Rd8 61. Rg5 Kd4 62. Rg7 Bh3 63. Rg1 Bd7 64. Rg7 Kc5 65. Re7 Kd6 66. Rg7
Ra8 67. Rg6+ Kc5 68. Rg7 Ra7 69. Bf5 Kd6 70. Be4 Ra4 71. Rg6+ Kc5 72. Rg7 Rb4+
73. Kc3 Rc4+ 74. Kb3 Rb4+ 75. Kc3 Rc4+ 76. Kb3 Rb4+ 1/2-1/2

[Event "XI Open Vallee d'Aoste A"]
[Site "Saint Vincent - Chatillon ITA"]
[Date "2003.02.08"]
[Round "1"]
[White "Tolhuizen, Ludo"]
[Black "Huzman, Alexander"]
[Result "1/2-1/2"]
[WhiteElo "2198"]
[BlackElo "2589"]
[PlyCount "37"]
[EventDate "2003.02.08"]

1. d4 Nf6 2. Nf3 d5 3. Bf4 c6 4. c3 Qb6 5. Qb3 Nbd7 6. h3 Ne4 7. Nbd2 Nxd2 8.
Nxd2 g6 9. e4 Bg7 10. Be2 O-O 11. exd5 cxd5 12. O-O Qa5 13. Rfe1 e6 14. Nf3 Rd8
15. Bd3 Nf6 16. Be5 Ne8 17. Bxg7 Nxg7 18. Qc2 Qc7 19. Qd2 1/2-1/2

[Event "XI Open Vallee d'Aoste A"]
[Site "Saint Vincent - Chatillon ITA"]
[Date "2003.02.08"]
[Round "1"]
[White "Van den Bersselaar, Jeroen"]
[Black "Kveinys, Aloyzas"]
[Result "1/2-1/2"]
[WhiteElo "2157"]
[BlackElo "2541"]
[PlyCount "85"]
[EventDate "2003.02.08"]

1. d4 Nf6 2. c4 e6 3. Nc3 Bb4 4. e3 O-O 5. Nge2 d5 6. a3 Be7 7. cxd5 exd5 8. g3
c6 9. Bg2 Na6 10. Qc2 Nc7 11. O-O a6 12. Kh1 Nb5 13. f3 Bd7 14. e4 dxe4 15.
fxe4 c5 16. d5 Ng4 17. Nxb5 Bxb5 18. a4 Bd7 19. Bf4 g5 20. Bd2 Bd6 21. Ng1 Qe7
22. Rae1 f6 23. Nf3 Rae8 24. Bc3 b5 25. b3 Qg7 26. Kg1 h5 27. Re2 Qg6 28. Rfe1
Re7 29. h3 Ne5 30. Nxe5 fxe5 31. axb5 Bxb5 32. Rf2 Ref7 33. Rxf7 Rxf7 34. Bb2
h4 35. g4 Kh7 36. Bc1 Qf6 37. Be3 Rc7 38. Qd2 Kg6 39. Rc1 Qd8 40. Qa5 Qb8 41.
Qd2 Qd8 42. Qa5 Qb8 43. Qd2 1/2-1/2

[Event "XI Open Vallee d'Aoste A"]
[Site "Saint Vincent - Chatillon ITA"]
[Date "2003.02.09"]
[Round "2"]
[White "Babaev, Rashad"]
[Black "Baklan, Vladimir"]
[Result "1/2-1/2"]
[WhiteElo "2406"]
[BlackElo "2605"]
[PlyCount "32"]
[EventDate "2003.02.08"]

1. e4 e6 2. d4 d5 3. Nd2 c5 4. exd5 exd5 5. Ngf3 Nf6 6. Be2 Be7 7. dxc5 Bxc5 8.
O-O O-O 9. Nb3 Bb6 10. c3 h6 11. Nbd4 Nc6 12. h3 Re8 13. Re1 Qd6 14. Bd3 Rxe1+
15. Qxe1 Nxd4 16. cxd4 Bd7 1/2-1/2

[Event "XI Open Vallee d'Aoste A"]
[Site "Saint Vincent - Chatillon ITA"]
[Date "2003.02.09"]
[Round "2"]
[White "Brendel, Oliver"]
[Black "Nevednichy, Vladislav"]
[Result "0-1"]
[WhiteElo "2375"]
[BlackElo "2567"]
[PlyCount "52"]
[EventDate "2003.02.08"]

1. e4 c5 2. Nf3 d6 3. d4 cxd4 4. Nxd4 Nf6 5. Nc3 Nc6 6. f3 e6 7. Be3 h5 8. Qd2
a6 9. O-O-O Bd7 10. Kb1 Qc7 11. Be2 Be7 12. g3 Na5 13. h3 b5 14. g4 b4 15. Nd5
exd5 16. g5 Nh7 17. Nf5 Bxf5 18. exf5 O-O 19. Rhg1 Rfe8 20. f6 Bd8 21. fxg7 Rc8
22. Bd4 Nc4 23. Qd3 Nxg5 24. Rg2 Ne6 25. Qf5 Nxd4 26. Rxd4 Ne3 0-1

[Event "XI Open Vallee d'Aoste A"]
[Site "Saint Vincent - Chatillon ITA"]
[Date "2003.02.09"]
[Round "2"]
[White "Cebalo, Miso"]
[Black "Mantovani, Renzo"]
[Result "1/2-1/2"]
[WhiteElo "2527"]
[BlackElo "2349"]
[PlyCount "81"]
[EventDate "2003.02.08"]

1. d4 Nf6 2. c4 c5 3. d5 g6 4. Nc3 Bg7 5. e4 O-O 6. f4 d6 7. Nf3 e6 8. Be2 exd5
9. cxd5 Bg4 10. O-O Nbd7 11. Re1 Ne8 12. Be3 Nc7 13. a4 Re8 14. Qd3 a6 15. h3
Bxf3 16. Bxf3 Rb8 17. e5 dxe5 18. f5 e4 19. Bxe4 Ne5 20. Qc2 Qd6 21. Bf2 b5 22.
axb5 axb5 23. b3 c4 24. Rad1 Rbc8 25. bxc4 bxc4 26. Kh1 Nd3 27. Bxd3 cxd3 28.
Qxd3 Bxc3 29. Qxc3 Nxd5 30. Qb3 Rxe1+ 31. Bxe1 Rd8 32. Bg3 Qc5 33. Bh4 Rd7 34.
Qb8+ Qf8 35. Qe5 f6 36. Qe4 Qf7 37. fxg6 hxg6 38. Rf1 Kg7 39. Qd4 Qe6 40. Rf3
Rd6 41. Qa7+ 1/2-1/2

[Event "XI Open Vallee d'Aoste A"]
[Site "Saint Vincent - Chatillon ITA"]
[Date "2003.02.09"]
[Round "2"]
[White "Dittmar, Peter"]
[Black "Miladinovic, Igor"]
[Result "1/2-1/2"]
[WhiteElo "2320"]
[BlackElo "2526"]
[PlyCount "102"]
[EventDate "2003.02.08"]

1. d4 d5 2. c4 Bf5 3. cxd5 Bxb1 4. Qa4+ c6 5. dxc6 Nxc6 6. Rxb1 Qxd4 7. Qxd4
Nxd4 8. e3 Nc6 9. Bb5 Rc8 10. Nf3 a6 11. Ba4 b5 12. Bb3 e6 13. Bd2 Nf6 14. Ke2
Bd6 15. Rhd1 Ke7 16. Be1 a5 17. a4 b4 18. h3 Nd7 19. Bc4 Nb6 20. Bb3 Rc7 21.
Rd2 Rhc8 22. Rbd1 Be5 23. Rc2 Bf6 24. Rdc1 h5 25. g4 hxg4 26. hxg4 g6 27. g5
Bg7 28. Nd2 Kd8 29. Kd1 Bh8 30. f3 Be5 31. Bf2 Ke7 32. Ne4 Kd8 33. Bg3 Bxg3 34.
Nxg3 Rd7+ 35. Ke2 Ne5 36. Rxc8+ Nxc8 37. Ne4 Rc7 38. Rxc7 Kxc7 39. f4 Nc6 40.
Bc4 N6e7 41. Bb5 Nf5 42. Nd2 Nfd6 43. Bd3 Nb6 44. b3 Kc6 45. e4 Nb7 46. Ke3 Kc5
47. Bc2 Nd8 48. Bd3 Nb7 49. Bb5 Nd6 50. Bd3 Nb7 51. Bb5 Nd6 1/2-1/2

[Event "XI Open Vallee d'Aoste A"]
[Site "Saint Vincent - Chatillon ITA"]
[Date "2003.02.09"]
[Round "2"]
[White "Efimov, Igor"]
[Black "Karl, Hans"]
[Result "1-0"]
[WhiteElo "2480"]
[BlackElo "2286"]
[PlyCount "65"]
[EventDate "2003.02.08"]

1. d4 Nf6 2. Nf3 g6 3. c4 Bg7 4. Nc3 O-O 5. Bg5 c5 6. d5 d6 7. e3 e6 8. Be2
exd5 9. cxd5 Re8 10. Nd2 Na6 11. O-O Nc7 12. e4 Qe7 13. a4 Bd7 14. Ra3 Qf8 15.
Rb3 Rab8 16. Qc2 Rec8 17. Re1 Na6 18. Nc4 Nb4 19. Qd2 Ne8 20. Bf4 Rd8 21. Nb5
a6 22. Nbxd6 b5 23. axb5 axb5 24. Nxe8 bxc4 25. Nxg7 cxb3 26. Bh6 Qe7 27. Qc3
f6 28. Bc4 Qd6 29. Ne6 Bxe6 30. Qxf6 Rb7 31. dxe6 Qe7 32. Qg7+ Qxg7 33. e7+ 1-0

[Event "XI Open Vallee d'Aoste A"]
[Site "Saint Vincent - Chatillon ITA"]
[Date "2003.02.09"]
[Round "2"]
[White "Georgiev, Vladimir"]
[Black "Timmerman, Gert Jan"]
[Result "1-0"]
[WhiteElo "2549"]
[BlackElo "2361"]
[PlyCount "89"]
[EventDate "2003.02.08"]

1. c4 f5 2. Nc3 Nf6 3. g3 g6 4. Bg2 Bg7 5. d3 d6 6. e4 Nc6 7. Nge2 e5 8. O-O
O-O 9. Rb1 h6 10. b4 Kh8 11. exf5 gxf5 12. f4 Nd4 13. h3 c6 14. Kh2 Re8 15.
fxe5 dxe5 16. Nxd4 Qxd4 17. Ne2 Qd6 18. Be3 Be6 19. b5 Rad8 20. bxc6 bxc6 21.
Bxa7 Ra8 22. Be3 Rxa2 23. Nc1 Ra6 24. Qd2 Kh7 25. Rb7 Nd7 26. Qf2 Rb8 27. c5
Qf8 28. Rc7 Rc8 29. Rxc8 Qxc8 30. d4 exd4 31. Bxd4 Qf8 32. Qe2 Bxd4 33. Qxa6
Nxc5 34. Qxc6 Bd7 35. Qd5 Bg7 36. Nd3 Nxd3 37. Qxd7 Ne5 38. Qxf5+ Qxf5 39. Rxf5
Nd7 40. Be4 Kg8 41. Rb5 Ne5 42. Rb7 Kf8 43. Bd5 Bf6 44. Kg2 Be7 45. Kf2 1-0

[Event "XI Open Vallee d'Aoste A"]
[Site "Saint Vincent - Chatillon ITA"]
[Date "2003.02.09"]
[Round "2"]
[White "Godena, Michele"]
[Black "Brady, Stephen"]
[Result "1-0"]
[WhiteElo "2524"]
[BlackElo "2336"]
[PlyCount "77"]
[EventDate "2003.02.08"]

1. e4 e6 2. d4 d5 3. Nd2 Nf6 4. e5 Nfd7 5. Bd3 c5 6. c3 Nc6 7. Ne2 cxd4 8. cxd4
f6 9. exf6 Nxf6 10. Nf3 Bd6 11. O-O Qc7 12. Bg5 O-O 13. Bh4 Nh5 14. Qc2 h6 15.
Bh7+ Kh8 16. Bg6 Rxf3 17. Bxh5 Rf8 18. Bg3 Bd7 19. Rad1 Be8 20. Bg4 Rf6 21. Qd2
Bg6 22. Nc3 a6 23. Rfe1 Bxg3 24. hxg3 Qd6 25. Re3 Bf5 26. Bxf5 Rxf5 27. Rde1
Re8 28. Qd1 Qb4 29. g4 Rf7 30. g5 Qxd4 31. Qh5 Ref8 32. gxh6 g6 33. Qxg6 Rxf2
34. Qxe6 R2f6 35. Qh3 Ne5 36. Nxd5 R6f7 37. Qe6 Ng4 38. Qe4 Qxd5 39. Qxg4 1-0

[Event "XI Open Vallee d'Aoste A"]
[Site "Saint Vincent - Chatillon ITA"]
[Date "2003.02.09"]
[Round "2"]
[White "Golod, Vitali"]
[Black "Cooper, Lawrence H."]
[Result "1-0"]
[WhiteElo "2532"]
[BlackElo "2353"]
[PlyCount "89"]
[EventDate "2003.02.08"]

1. d4 d5 2. c4 c6 3. Nf3 Nf6 4. e3 Bg4 5. h3 Bxf3 6. Qxf3 e6 7. Nc3 Nbd7 8. Bd2
Bb4 9. Bd3 Nb6 10. cxd5 cxd5 11. a3 Be7 12. b3 O-O 13. g4 Rc8 14. g5 Nfd7 15.
h4 Re8 16. Qg3 Nf8 17. f4 a6 18. h5 f5 19. gxf6 Bxf6 20. Nd1 Nbd7 21. Rb1 Be7
22. Ke2 Bxa3 23. b4 Qe7 24. Nf2 a5 25. bxa5 Nf6 26. Ng4 Nxg4 27. Qxg4 Rc7 28.
Rb3 Bd6 29. Rhb1 Qf7 30. Rb6 Rd8 31. Be1 Qd7 32. Bh4 Be7 33. Bg3 Qc8 34. R1b2
Ba3 35. R2b3 Bc1 36. f5 exf5 37. Bxf5 Rc2+ 38. Kf3 Qc4 39. Bd3 Qc8 40. Rxb7
Qxg4+ 41. Kxg4 Ra2 42. Rb8 Rxb8 43. Rxb8 Kf7 44. Rb7+ Kg8 45. Be5 1-0

[Event "XI Open Vallee d'Aoste A"]
[Site "Saint Vincent - Chatillon ITA"]
[Date "2003.02.09"]
[Round "2"]
[White "Houska, Jovanka"]
[Black "Delchev, Aleksander"]
[Result "0-1"]
[WhiteElo "2386"]
[BlackElo "2583"]
[PlyCount "90"]
[EventDate "2003.02.08"]

1. e4 c5 2. Nc3 g6 3. g3 Bg7 4. Bg2 Nc6 5. d3 d6 6. Be3 e5 7. Qd2 Nge7 8. f4
Nd4 9. Nf3 O-O 10. O-O exf4 11. Bxf4 Nxf3+ 12. Rxf3 Qb6 13. Rb1 Be6 14. Bh6 f6
15. Bxg7 Kxg7 16. Rf2 Rae8 17. a3 Qd8 18. b4 b6 19. Rbf1 Nc6 20. Ne2 Ne5 21.
Nf4 Bg8 22. c3 Qd7 23. Qc2 Qc7 24. Bh3 c4 25. d4 Nd3 26. Re2 Re7 27. Nd5 Bxd5
28. exd5 f5 29. Re6 Qd7 30. Qe2 Rfe8 31. g4 Rxe6 32. dxe6 Rxe6 33. gxf5 Rxe2
34. f6+ Kf8 35. Bxd7 Rc2 36. Be6 Rxc3 37. h4 b5 38. Kh2 Rc1 39. Rf3 Re1 40. Bd5
Re2+ 41. Kg3 Ne1 42. Rf4 c3 43. h5 g5 44. Rf5 c2 45. Rxg5 Rg2+ 0-1

[Event "XI Open Vallee d'Aoste A"]
[Site "Saint Vincent - Chatillon ITA"]
[Date "2003.02.09"]
[Round "2"]
[White "Legky, Nikolay A."]
[Black "Cocchi, Andrea"]
[Result "1-0"]
[WhiteElo "2507"]
[BlackElo "2311"]
[PlyCount "64"]
[EventDate "2003.02.08"]

1. d4 d6 2. c4 g6 3. Nc3 Bg7 4. Nf3 Bg4 5. g3 Nc6 6. d5 Nb8 7. Bg2 Nf6 8. O-O
c5 9. h3 Bxf3 10. exf3 O-O 11. f4 Qd7 12. Qd2 Na6 13. b3 Nc7 14. Bb2 b5 15.
Rae1 bxc4 16. bxc4 Rab8 17. Re3 Na8 18. Rfe1 Rfe8 19. Bf1 Nb6 20. Ba1 Kf8 21.
Qe2 Rb7 22. g4 Na4 23. Nxa4 Qxa4 24. h4 Qd7 25. Bh3 Qc7 26. f5 Ng8 27. Bxg7+
Kxg7 28. g5 f6 29. fxg6 hxg6 30. Be6 Reb8 31. h5 fxg5 32. Qg4 Nf6 1-0

[Event "XI Open Vallee d'Aoste A"]
[Site "Saint Vincent - Chatillon ITA"]
[Date "2003.02.09"]
[Round "2"]
[White "Olarasu, Gabriela"]
[Black "Chatalbashev, Boris"]
[Result "1/2-1/2"]
[WhiteElo "2293"]
[BlackElo "2515"]
[PlyCount "32"]
[EventDate "2003.02.08"]

1. d4 Nf6 2. c4 e5 3. dxe5 Ng4 4. Nf3 Bc5 5. e3 Nc6 6. Be2 O-O 7. O-O Re8 8.
Nc3 Ngxe5 9. Nxe5 Nxe5 10. Kh1 d6 11. Na4 Bf5 12. f3 Be6 13. f4 Nc6 14. Bd3 f5
15. a3 Qf6 16. Qc2 Qf7 1/2-1/2